000 00645nam a2200193 4500
999 _c171659
_d171659
005 20200203161259.0
010 _aENG-127448
020 _a9789382730613
_c1395.00
035 _aEN-110980
037 _bDBAD/PUB
082 _a371.33
100 _aTambe,Shashikant L
245 _aTechnology of Education/
_cby Shashikant L Tambe
260 _aKanpur
_bGarima Prakashan
_c2018
270 _a1st floor,.Mayur Park,Basant Vihar Naubasta, Kanpur-21
_bKanpur
_e208021
_mgarima.prakashan@gmail.com
300 _aViiii;328p.
_c23cm(hb)
500 _aincludes bibliographical references and index
942 _2ddc
_cEN
_h371.33
_mTAM